Los retablos del siglo XVIII en el sur de España, Portugal y México (Record no. 609)

MARC details
000 -CABECERA
campo de control de longitud fija 00912nam a2200229 a 4500
001 - NÚMERO DE CONTROL
campo de control BRCA_706
005 - FECHA Y HORA DE LA ÚLTIMA TRANSACCIÓN
campo de control 20190320203120.0
008 - DATOS DE LONGITUD FIJA--INFORMACIÓN GENERAL
campo de control de longitud fija 030805s1987----mx-a---###---#000-0#spa-d
020 ## - NÚMERO INTERNACIONAL ESTÁNDAR DEL LIBRO
Número Internacional Estándar del Libro 9683600999
050 #4 - SIGNATURA TOPOGRÁFICA DE LA BIBLIOTECA DEL CONGRESO
Número de clasificación NA5060
Número de documento/Ítem .B35 1987
100 1# - ENTRADA PRINCIPAL--NOMBRE DE PERSONA
Nombre de persona Baird, Joseph Armstrong
9 (RLIN) 2325
245 10 - MENCIÓN DE TÍTULO
Título Los retablos del siglo XVIII en el sur de España, Portugal y México
Mención de responsabilidad, etc. Joseph A. Baird ; traducción de Rebeca Barrera de Fraga.
260 ## - PUBLICACIÓN, DISTRIBUCIÓN, ETC.
Lugar de publicación, distribución, etc. México
Nombre del editor, distribuidor, etc. UNAM, Instituto de Investigaciones Estéticas
Fecha de publicación, distribución, etc. 1987
300 ## - DESCRIPCIÓN FÍSICA
Extensión 445 p.
Otras características físicas il.
Dimensiones 23 cm.
440 #0 - MENCIÓN DE SERIE/PUNTO DE ACCESO ADICIONAL--TÍTULO
Título Estudios de arte y estética
Número de parte o sección de la obra 24
9 (RLIN) 2326
500 ## - NOTA GENERAL
Nota general Incluye índice de láminas, índice de fotos, índice de croquis e índice de nombres
650 14 - PUNTO DE ACCESO ADICIONAL DE MATERIA--TÉRMINO DE MATERIA
Término de materia o nombre geográfico como elemento de entrada Retablos españoles
Subdivisión cronológica Siglo XVIII
9 (RLIN) 2327
650 14 - PUNTO DE ACCESO ADICIONAL DE MATERIA--TÉRMINO DE MATERIA
Término de materia o nombre geográfico como elemento de entrada Retablos portugueses
Subdivisión cronológica Siglo XVIII
9 (RLIN) 2328
650 14 - PUNTO DE ACCESO ADICIONAL DE MATERIA--TÉRMINO DE MATERIA
Término de materia o nombre geográfico como elemento de entrada Retablos mexicanos
Subdivisión cronológica Siglo XVIII
9 (RLIN) 2329
700 1# - PUNTO DE ACCESO ADICIONAL--NOMBRE DE PERSONA
Nombre de persona Barrera de Fraga, Rebeca
9 (RLIN) 2330
942 ## - ELEMENTOS DE PUNTO DE ACCESO ADICIONAL (KOHA)
Fuente del sistema de clasificación o colocación Library of Congress Classification
Tipo de ítem Koha Libros
Holdings
Estado de retiro Estado de pérdida Estado dañado No para préstamo Localización permanente Ubicación/localización actual Fecha de adquisición Total de préstamos Signatura topográfica completa Código de barras Fecha visto por última vez Precio válido a partir de Tipo de ítem Koha
El ejemplar forma parte de la colección y puede ser consultado según las políticas vigentes.       Biblioteca del Museo Franz Mayer (Rogerio Casas-Alatriste) Biblioteca del Museo Franz Mayer (Rogerio Casas-Alatriste) 26/06/2008   NA5060 .B35 1987 01091 22/03/2019 22/03/2019 Libros